000 01005cam a2200337 4500
001 5921
003 FISKH
005 20250313095301.0
008 740429s1974 nyua j 000 1 eng
010 _a 74005516
020 _a0394829204
020 _a9780394829203
020 _a0394929209 (lib. bdg.)
040 _aDLC
_cDLC
_dDLC
_beng
050 _aPZ8.G276 T
082 _a813.54
100 1 _aSeuss,
_cDr.
245 1 0 _aThere's a wocket in my pocket! /
_cby Dr. Seuss
260 _aNew York :
_bBeginner Books
_c1974.
300 _a28 unnumbered pages :
_bcolor illustrations ;
_c24 cm
490 0 _aA Bright & early book, 18
505 _aJ
520 _aA household of unusual creatures help beginning readers recognize common "household" words.
521 8 _a460
_bLexile
521 8 _aJ
_bRaz-Plus
650 1 _aVocabulary
_vFiction.
650 1 _aStories in rhyme.
906 _a7
_bcbc
_corignew
_d1
_eocip
_f19
_gy-gencatlg
942 _2ddc
_cBK
_n0
999 _c5921
_d5921